000 01714nam a22004457a 4500
001 000101756
003 CHAP
005 20220329143534.0
008 100423s2010 mx r 00010 spa d
010 _a98219
011 _a99191
035 _a109876
040 _cCHAP
090 _aTesis
100 1 _aMartínez Hernández, Gregorio.
_972151
245 1 0 _aCaracterización morfológica de mango (Mangifera indica L.) del banco de germoplasma del Campo Experimental Rosario Izapa, INIFAP /
_c/por Gregorio Hernández Martínez.
260 _aChapingo, Méx. :
_bEl autor,
_c2010.
300 _av, 70 h. :
_bilus., cuadros.
502 _aTesis (Ing. Agr. Esp. en Fitotecnia) -- UACH. Departamento de Fitotecnia
530 _aTambién disponible en línea
590 _aALEPH
_b10
_c20130110
_lUCH01
_h1534
590 _aBATCH-UPD
_b10
_c20130110
_lUCH01
_h1320
590 _aBATCH-UPD
_b10
_c20130410
_lUCH01
_h0829
590 _aBATCH-UPD
_b10
_c20130914
_lUCH01
_h1002
590 _aBATCH-UPD
_b10
_c20140324
_lUCH01
_h1516
590 _aBATCH-UPD
_b10
_c20141002
_lUCH01
_h0842
590 _aCONVERSION
_b10
_c20130109
_lUCH01
_h1354
590 _aE12093SGE
_b10
_c20130710
_lUCH01
_h1405
650 1 4 _aColecciones de material genético.
_924659
650 1 4 _aMango
_xChiapas.
_970401
650 1 4 _aMango
_xFisiología y morfología.
_970418
650 1 4 _aMango
_xGermoplasma.
_970422
650 1 4 _aMango
_xVariedades.
_970459
856 _3Finding aid
_uhttp://10.13.5.2/tesis/109876.pdf
_zTeclea aqui
901 _aBK
942 _cFOLL
942 _n0
949 _aTesis
_bBC
_cTES
_d33724002166743
_eTS1
_gDonaciØn
_h50388
_i109876
_sb
949 _aTesis
_bBC
_cTES
_d33724002166785
_eTS2
_gDonaciØn
_h50389
_i109876
_sb
999 _c98219
_d98219